Vytvorenie projektovej organizačnej štruktúry v konkrétnom podniku diplomová práca

Saved in:
Bibliographic Details
Main Author: Orosz, Klaudia
Corporate Author: Podnikovohospodárska fakulta EU so sídlom v Košiciach. Katedra ekonómie a manažmentu
Other Authors: Dugas, Jaroslav, 1967-
Format: Book
Language:Slovak
Published: Košice 2023
Tags: Add Tag
No Tags, Be the first to tag this record!

MARC

LEADER 00000nbm a2200000 4500
001 0292865
005 20240812123020.5
041 0 |a slo 
044 |a SK 
245 1 0 |a Vytvorenie projektovej organizačnej štruktúry v konkrétnom podniku  |b diplomová práca  |c Klaudia Orosz ; školiteľ: Jaroslav Dugas 
264 1 |a Košice  |c 2023 
300 |a 54 s. 
100 1 |a Orosz, Klaudia 
700 1 |a Dugas, Jaroslav, 1967- 
710 2 |a Podnikovohospodárska fakulta EU so sídlom v Košiciach. Katedra ekonómie a manažmentu